Dbase III : tips and tricks / (Record no. 9953)

000 -LEADER
fixed length control field 00402nam a2200145Ia 4500
008 - FIXED-LENGTH DATA ELEMENTS--GENERAL INFORMATION
fixed length control field 201231s9999 xx 000 0 und d
020 ## - INTERNATIONAL STANDARD BOOK NUMBER
International Standard Book Number 0810464764
100 ## - MAIN ENTRY--PERSONAL NAME
Personal name Jenkins, David
245 #0 - TITLE STATEMENT
Title Dbase III : tips and tricks /
260 ## - PUBLICATION, DISTRIBUTION, ETC. (IMPRINT)
Place of publication, distribution, etc New Jersey
Name of publisher, distributor, etc Hayden Book Company
Date of publication, distribution, etc 1986
300 ## - PHYSICAL DESCRIPTION
Extent 160p.
650 #0 - SUBJECT ADDED ENTRY--TOPICAL TERM
Topical term or geographic name as entry element Database Management
700 ## - ADDED ENTRY--PERSONAL NAME
9 (RLIN) 4532
Personal name Jenkins, David
942 ## - ADDED ENTRY ELEMENTS (KOHA)
Item type Books
Source of classification or shelving scheme
Holdings
Withdrawn status Lost status Damaged status Not for loan Permanent location Date acquired Full call number Barcode Date last seen Koha item type
        IMU Kolkata 2020-12-31 005.7565 J521 PM05522 2020-12-31 Books
Designed and Maintained by IMU-KC Library, Kolkata Campus © Copyright All Rights Reserved

webs counters

Powered by Koha